000 01500nam a22004217a 4500
001 0051344
003 KOHA_MİRAKIL
005 20260207003802.0
007 ta
008 150629b2013 tu a|||gr||||#||||0|tur |
020 _a9786051336435
040 _aTR-BiSEU
_btur
_cTR-BiSEU
_erda
041 0 _atur
044 _ctu
050 _aGV363
_b.D46 2013
100 1 _aDemirci, Ali.
245 1 _aBeden eğitimi ve spor öğretiminde öğretim teknolojileri ve materyal tasarımı/
_cAli Demirci ; Ali Demirci.
250 _a1. basım.
264 1 _aAnkara :
_bNobel
_c2013
300 _aXII, 282 sayfa :
_bresimli ;
_c24 cm.
336 _ametin
_btxt
_2rdacontent
337 _aaracısız
_bn
_2rdamedia
338 _acilt
_bnc
_2rdacarrier
490 1 _aNobel yayın no ;
_v741.
490 1 _a Eğitim Bilimleri no ;
_v148.
500 _aKaynakça var.
650 0 _aBeden eğitimi ve antrenman--Çalışma ve öğretim.
_995437
650 0 _aPhysical education and training--Study and teaching.
_995438
650 0 _aEğitim teknolojisi.
_92964
650 0 _aEducational technology.
_918546
650 0 _aÖğretim--Araç gereçler--Tasarım ve yapım.
_995439
650 0 _aTeaching--Aids and devices--Design and construction.
_995440
650 0 _aSpor malzemeleri--Tasarım ve yapım.
_995441
650 0 _aSporting goods--Design and construction.
_995442
830 1 _aNobel yayın no ;
_v741.
_91940
830 1 _a Eğitim Bilimleri no ;
_v148.
_995443
942 _2lcc
_cBK
999 _c51168
_d51168